Normal view
MARC view
Entry Topical Term
001 - CONTROL NUMBER
- control field: 42815
003 - CONTROL NUMBER IDENTIFIER
- control field: ARRUPE
005 - DATE AND TIME OF LATEST TRANSACTION
- control field: 20181009103223.0
008 - FIXED-LENGTH DATA ELEMENTS
- fixed length control field: 181009|| aca||aabn | a|a d
040 ## - CATALOGING SOURCE
- Original cataloging agency: ARRUPE
- Transcribing agency: ARRUPE
150 ## - HEADING--TOPICAL TERM
- Topical term or geographic name as entry element: Identity (Psychology)
- Form subdivision: Fiction.
670 ## - SOURCE DATA FOUND
- Source citation: Work cat.: (ARRUPE)0: Dangarembga, Tsitsi. 37253, The book of not :, 2006.